000 002320000a22000970004500
100 1 _aWallace, Ronald S.
245 1 0 _aThe days of Samuel : The song
300 _aVol. 6, Núm 3 (1980), Páginas 2-5
773 0 _tEvangel
942 _cANA
999 _c54293
_d54293